A voyage round the world, by the way of the great south sea
Gespeichert in:
| 1. Verfasser: | |
|---|---|
| Format: | Buch |
| Sprache: | Englisch |
| Veröffentlicht: |
Londres
M. T. Longman
1757
|
| Ausgabe: | 2a. ed |
| Schlagworte: | |
| Online-Zugang: | portada |
| Tags: |
Tag hinzufügen
Keine Tags, Fügen Sie den ersten Tag hinzu!
|
MARC
| LEADER | 00000nam a2200000 a 4500 | ||
|---|---|---|---|
| 001 | UCJ5769 | ||
| 003 | CL-VaPUC | ||
| 008 | 070124e17570000UK |||||||||||||||||eng|d | ||
| 082 | 0 | 4 | |a 910.4 |b SHE |2 21 |
| 100 | |a Shelvocke, George |e autor |9 511498 | ||
| 245 | 1 | 2 | |a A voyage round the world, by the way of the great south sea |
| 250 | |a 2a. ed | ||
| 300 | |a iii, 476 p | ||
| 942 | |c BK | ||
| 945 | |d 20070124 00:00:00 |a rinostro | ||
| 260 | |a Londres |b M. T. Longman |c 1757 | ||
| 500 | |a Front., Mapamundi; pp. 115, 262, 416, ilustraciones. Apostillado. Advierte errata | ||
| 650 | 0 | |a Viajes |9 257115 | |
| 650 | 7 | |a DIARIO |2 CL-VaPUC |9 441581 | |
| 650 | 0 | |a Geografía |9 259346 | |
| 650 | 7 | |a FLORA |2 CL-VaPUC |9 264745 | |
| 650 | 7 | |a FAUNA |2 CL-VaPUC |9 349523 | |
| 650 | 0 | |a Aborígenes |9 329972 | |
| 650 | 7 | |a DOCUMENTOS |2 CL-VaPUC |9 366450 | |
| 650 | 0 | |a Correspondencia |9 258963 | |
| 650 | 0 | |a Cultura |9 269059 | |
| 650 | 0 | |a Comercio |9 255341 | |
| 650 | 7 | |a HERALDICA |2 CL-VaPUC |9 388228 | |
| 650 | 0 | |a Cartografía |9 266055 | |
| 650 | 7 | |a DESCRIPCION BIBLIOFILICA |2 CL-VaPUC |9 504580 | |
| 650 | 0 | |a Mapas |9 260844 | |
| 650 | 0 | |a Ilustraciones |9 369481 | |
| 650 | 7 | |a EX LIBRIS |2 CL-VaPUC |9 505186 | |
| 650 | 7 | |a LIBRO RARO |2 CL-VaPUC |9 504169 | |
| 651 | 0 | |a Brasil |9 267393 | |
| 651 | 7 | |a CHILE |2 CL-VaPUC |9 511499 | |
| 651 | 0 | |a Chiloé |9 265209 | |
| 651 | 0 | |a Concepción |9 254982 | |
| 651 | 0 | |a Arica |9 309332 | |
| 651 | 0 | |a Perú |9 256567 | |
| 651 | 7 | |a LOBOS |2 CL-VaPUC |9 511500 | |
| 651 | 7 | |a PAYTA |2 CL-VaPUC |9 511501 | |
| 651 | 7 | |a JUAN FERNANDEZ |2 CL-VaPUC |9 384330 | |
| 651 | 0 | |a México |9 255269 | |
| 651 | 7 | |a CALIFORNIA |2 CL-VaPUC |9 264797 | |
| 651 | 0 | |a China |9 257545 | |
| 651 | 7 | |a CANTON |2 CL-VaPUC |9 511502 | |
| 856 | 7 | |f UCJ5769_01.jpg |u http://opac.pucv.cl/pucv_img/Img-5500/UCJ5769_01.jpg |q JEPG |2 file |z portada | |
| 583 | |a last modification |c 20070124 00:00:00 |k Rodrigo Vera | ||
| 999 | |c 321878 |d 321876 | ||
| 952 | |0 0 |1 0 |4 0 |6 910_400000000000000_SHE_1757 |7 0 |8 X |9 400752 |a FDOBUD |b FDOBUD |d 2019-11-22 |i 1039261 |o 910.4 SHE 1757 |p 1039261 |r 2019-11-22 |w 2019-11-22 |y BK_X |k BUD | ||